[Event "World Chess Olympiad 2018"]
[Site "Batumi"]
[Date "2018.09.24"]
[Round "1"]
[Board "2"]
[WhiteFideId "922692"]
[White "Stojanovic Dalibor"]
[BlackFideId "8800871"]
[Black "Gontcharov Serguei"]
[Result "1-0"]
[LiveChessVersion "1.4.8"]
[BlackElo "1875"]
[WhiteElo "2492"]

1. e4 {[%clk 1:30:55]} c5 {[%clk 1:30:53]} 2. Nc3 {[%clk 1:31:00]} e6
{[%clk 1:30:18]} 3. Nf3 {[%clk 1:30:18]} Nc6 {[%clk 1:28:50]} 4. d4
{[%clk 1:29:50]} cxd4 {[%clk 1:28:56]} 5. Nxd4 {[%clk 1:30:14]} Nf6
{[%clk 1:28:15]} 6. a3 {[%clk 1:29:14]} Bc5 {[%clk 1:23:04]} 7. Nxc6
{[%clk 1:26:58]} dxc6 {[%clk 1:15:54]} 8. Qxd8+ {[%clk 1:25:51]} Kxd8
{[%clk 1:16:18]} 9. e5 {[%clk 1:26:05]} Nd5 {[%clk 1:07:11]} 10. Ne4
{[%clk 1:25:59]} Be7 {[%clk 1:06:45]} 11. c4 {[%clk 1:25:36]} Nb6
{[%clk 0:58:31]} 12. Be3 {[%clk 1:25:03]} Bd7 {[%clk 0:47:14]} 13. a4
{[%clk 1:19:13]} Bb4+ {[%clk 0:39:24]} 14. Kd1 {[%clk 1:19:36]} Be7
{[%clk 0:38:58]} 15. a5 {[%clk 1:18:23]} Nc8 {[%clk 0:38:18]} 16. c5
{[%clk 1:14:15]} Rb8 {[%clk 0:38:13]} 17. Kc2 {[%clk 1:13:54]} h6
{[%clk 0:32:13]} 18. Be2 {[%clk 1:12:57]} f5 {[%clk 0:27:49]} 19. Nd6
{[%clk 1:13:10]} Nxd6 {[%clk 0:27:46]} 20. cxd6 {[%clk 1:13:32]} Bf8
{[%clk 0:25:41]} 21. Bxa7 {[%clk 1:13:54]} Ra8 {[%clk 0:22:33]} 22. Bb6+
{[%clk 1:14:19]} Ke8 {[%clk 0:21:31]} 23. Bh5+ {[%clk 1:14:43]} g6
{[%clk 0:21:39]} 24. Bxg6# {[%clk 1:15:08]} 1-0

[Event "World Chess Olympiad 2018"]
[Site "Batumi"]
[Date "2018.09.24"]
[Round "1"]
[Board "3"]
[WhiteFideId "8800170"]
[White "Lill Sami"]
[BlackFideId "14402661"]
[Black "Marjanovic Dejan"]
[Result "0-1"]
[LiveChessVersion "1.4.8"]
[BlackElo "2382"]
[WhiteElo "1844"]

1. Nf3 {[%clk 1:30:51]} Nf6 {[%clk 1:30:21]} 2. c4 {[%clk 1:31:06]} g6
{[%clk 1:30:30]} 3. Nc3 {[%clk 1:31:11]} Bg7 {[%clk 1:30:44]} 4. d4
{[%clk 1:31:18]} O-O {[%clk 1:31:05]} 5. g3 {[%clk 1:30:55]} d6 {[%clk 1:30:53]}
6. Bg2 {[%clk 1:30:32]} Nbd7 {[%clk 1:31:13]} 7. O-O {[%clk 1:30:06]} e5
{[%clk 1:31:21]} 8. Bg5 {[%clk 1:30:13]} h6 {[%clk 1:31:16]} 9. dxe5
{[%clk 1:26:15]} dxe5 {[%clk 1:28:59]} 10. Bxf6 {[%clk 1:21:52]} Qxf6
{[%clk 1:25:58]} 11. Nd5 {[%clk 1:20:09]} Qd8 {[%clk 1:25:02]} 12. Qc2
{[%clk 1:17:32]} c6 {[%clk 1:22:36]} 13. Nc3 {[%clk 1:15:51]} Qe7
{[%clk 1:19:05]} 14. Rad1 {[%clk 1:03:46]} f5 {[%clk 1:16:37]} 15. Nh4
{[%clk 0:47:46]} Qf6 {[%clk 1:12:35]} 16. e4 {[%clk 0:42:53]} f4 {[%clk 1:08:04]}
17. Qd2 {[%clk 0:40:08]} Nc5 {[%clk 1:07:47]} 18. b4 {[%clk 0:35:36]} Ne6
{[%clk 1:04:25]} 19. Nf3 {[%clk 0:30:37]} g5 {[%clk 1:02:19]} 20. g4
{[%clk 0:25:04]} h5 {[%clk 1:01:51]} 21. h3 {[%clk 0:24:31]} hxg4
{[%clk 1:02:06]} 22. hxg4 {[%clk 0:23:48]} Nd4 {[%clk 1:02:17]} 23. Ne2
{[%clk 0:21:21]} Nxe2+ {[%clk 1:01:53]} 24. Qxe2 {[%clk 0:21:34]} Bxg4
{[%clk 1:02:17]} 25. Rd3 {[%clk 0:21:16]} Be6 {[%clk 1:02:21]} 26. Rd6
{[%clk 0:20:25]} g4 {[%clk 1:02:15]} 27. Ng5 {[%clk 0:12:36]} Qxg5
{[%clk 1:01:25]} 28. Rxe6 {[%clk 0:11:03]} f3 {[%clk 1:01:40]} 29. Qc2
{[%clk 0:08:31]} fxg2 {[%clk 1:01:42]} 30. Kxg2 {[%clk 0:08:37]} Rad8
{[%clk 0:59:55]} 31. c5 {[%clk 0:07:27]} Qf4 {[%clk 0:59:34]} 32. Qb3
{[%clk 0:06:44]} Qxe4+ {[%clk 0:59:01]} 33. Kg1 {[%clk 0:06:54]} Qd5
{[%clk 0:59:01]} 34. Rg6 {[%clk 0:04:39]} Qxb3 {[%clk 0:59:21]} 35. axb3
{[%clk 0:04:56]} Rf4 {[%clk 0:59:45]} 36. Re1 {[%clk 0:05:04]} Kf7
{[%clk 1:00:10]} 37. Rg5 {[%clk 0:04:54]} Rd2 {[%clk 1:00:22]} 38. Rf1
{[%clk 0:04:33]} Kf6 {[%clk 1:00:09]} 39. Rh5 {[%clk 0:04:49]} Kg6
{[%clk 1:00:37]} 40. Rh4 {[%clk 0:34:52]} e4 {[%clk 1:30:58]} 41. b5
{[%clk 0:34:45]} Bd4 {[%clk 1:31:20]} 42. bxc6 {[%clk 0:35:00]} bxc6
{[%clk 1:31:37]} 43. b4 {[%clk 0:35:22]} Bxf2+ {[%clk 1:31:56]} 44. Rxf2
{[%clk 0:35:41]} Rdxf2 {[%clk 1:32:17]} 45. b5 {[%clk 0:35:55]} e3
{[%clk 1:32:39]} 46. b6 {[%clk 0:36:17]} Rb4 {[%clk 1:33:00]} 47. Rxg4+
{[%clk 0:36:16]} Rxg4+ {[%clk 1:33:23]} 48. Kh1 {[%clk 0:36:35]} Ra4
{[%clk 1:33:47]} 49. bxa7 {[%clk 0:36:56]} Ra1# {[%clk 1:34:10]} 0-1

[Event "World Chess Olympiad 2018"]
[Site "Batumi"]
[Date "2018.09.24"]
[Round "1"]
[Board "4"]
[WhiteFideId "14407701"]
[White "Burovic Rijad"]
[BlackFideId "8800820"]
[Black "Dacres Don"]
[Result "1-0"]
[LiveChessVersion "1.4.8"]
[BlackElo "1780"]
[WhiteElo "2380"]

1. e4 {[%clk 1:30:38]} e6 {[%clk 1:29:44]} 2. d3 {[%clk 1:30:41]} d5
{[%clk 1:29:18]} 3. Nd2 {[%clk 1:30:50]} dxe4 {[%clk 1:26:42]} 4. dxe4
{[%clk 1:29:50]} Nc6 {[%clk 1:24:59]} 5. Ngf3 {[%clk 1:28:58]} Nf6
{[%clk 1:24:58]} 6. e5 {[%clk 1:19:41]} Nd5 {[%clk 1:22:18]} 7. Ne4
{[%clk 1:12:14]} Be7 {[%clk 1:21:21]} 8. c3 {[%clk 1:10:00]} Bd7 {[%clk 1:19:54]}
9. Qc2 {[%clk 1:08:19]} f6 {[%clk 1:19:22]} 10. exf6 {[%clk 1:07:35]} Nxf6
{[%clk 1:15:44]} 11. Bd3 {[%clk 1:04:48]} Bd6 {[%clk 1:10:15]} 12. Neg5
{[%clk 0:42:40]} Qe7 {[%clk 1:04:08]} 13. Bxh7 {[%clk 0:37:27]} O-O-O
{[%clk 1:04:05]} 14. Bd3 {[%clk 0:32:05]} Rdf8 {[%clk 1:01:23]} 15. Ne4
{[%clk 0:30:13]} Kb8 {[%clk 0:58:44]} 16. Bg5 {[%clk 0:29:49]} Qe8
{[%clk 0:57:56]} 17. O-O-O {[%clk 0:27:11]} Nd5 {[%clk 0:48:39]} 18. Nxd6
{[%clk 0:25:34]} cxd6 {[%clk 0:48:32]} 19. Bg6 {[%clk 0:25:28]} Qc8
{[%clk 0:48:12]} 20. Be4 {[%clk 0:25:21]} Qc7 {[%clk 0:37:49]} 21. Bxd5
{[%clk 0:22:37]} exd5 {[%clk 0:37:33]} 22. Rxd5 {[%clk 0:22:04]} Be6
{[%clk 0:37:38]} 23. Rd2 {[%clk 0:21:21]} Bf5 24. Qa4 {[%clk 0:19:46]} Bd7
{[%clk 0:34:32]} 25. Qc4 {[%clk 0:16:39]} Rf5 {[%clk 0:30:21]} 26. Rhd1
{[%clk 0:10:53]} d5 {[%clk 0:25:03]} 27. Rxd5 {[%clk 0:10:49]} Be6
{[%clk 0:25:17]} 28. Rxf5 {[%clk 0:10:56]} Bxc4 {[%clk 0:25:31]} 29. Bf4
{[%clk 0:11:21]} Bxa2 {[%clk 0:21:41]} 30. Rd7 {[%clk 0:09:22]} Qxf4+
{[%clk 0:20:13]} 31. Rxf4 {[%clk 0:09:46]} g5 {[%clk 0:19:16]} 32. Re4
{[%clk 0:05:42]} g4 {[%clk 0:18:29]} 33. Rxg4 {[%clk 0:04:51]} Be6
{[%clk 0:18:38]} 34. Rgg7 {[%clk 0:05:02]} Bxd7 {[%clk 0:19:01]} 35. Rxd7
{[%clk 0:05:27]} Kc8 {[%clk 0:18:43]} 36. Rg7 {[%clk 0:05:25]} Nd8
{[%clk 0:18:30]} 37. h4 {[%clk 0:04:07]} Ne6 {[%clk 0:18:32]} 38. Rf7
{[%clk 0:04:01]} Nd8 {[%clk 0:18:46]} 39. Re7 {[%clk 0:03:46]} Nc6
{[%clk 0:19:08]} 40. Rg7 {[%clk 0:34:10]} Nd8 {[%clk 0:49:07]} 41. Kd2
{[%clk 0:33:49]} Ne6 {[%clk 0:49:32]} 42. Re7 {[%clk 0:34:04]} Nf4
{[%clk 0:48:30]} 43. g3 {[%clk 0:33:52]} Rd8+ {[%clk 0:48:41]} 44. Nd4
{[%clk 0:34:10]} Ng6 {[%clk 0:47:32]} 45. Rg7 {[%clk 0:33:53]} Ne5
{[%clk 0:47:42]} 46. h5 {[%clk 0:34:07]} Rh8 {[%clk 0:46:01]} 47. g4
{[%clk 0:33:35]} Nc4+ {[%clk 0:46:14]} 48. Kc2 {[%clk 0:33:24]} Rf8
{[%clk 0:46:31]} 49. f3 {[%clk 0:33:40]} Ne3+ {[%clk 0:46:55]} 50. Kd3
{[%clk 0:34:01]} Nd5 {[%clk 0:47:03]} 51. h6 {[%clk 0:34:18]} Nf4+
{[%clk 0:46:44]} 52. Ke4 {[%clk 0:34:32]} Nh3 {[%clk 0:46:08]} 53. h7
{[%clk 0:34:27]} Re8+ {[%clk 0:46:13]} 54. Kf5 {[%clk 0:34:28]} Rf8+
{[%clk 0:46:29]} 55. Ke5 {[%clk 0:34:40]} Re8+ {[%clk 0:46:53]} 56. Ne6
{[%clk 0:35:01]} Nf4 {[%clk 0:45:20]} 57. Kxf4 {[%clk 0:35:22]} 1-0

[Event "World Chess Olympiad 2018"]
[Site "Batumi"]
[Date "2018.09.24"]
[Round "1"]
[Board "1"]
[WhiteFideId "696358"]
[White "Bellahcene Bilel"]
[BlackFideId "409014"]
[Black "Kirby Peter J."]
[Result "1-0"]
[LiveChessVersion "1.4.8"]
[BlackElo "1988"]
[WhiteElo "2501"]

1. d4 {[%clk 1:30:58]} Nf6 {[%clk 1:30:55]} 2. c4 {[%clk 1:31:25]} g6
{[%clk 1:31:19]} 3. Nc3 {[%clk 1:31:53]} Bg7 {[%clk 1:31:41]} 4. e4
{[%clk 1:32:21]} d6 {[%clk 1:32:04]} 5. h3 {[%clk 1:32:49]} O-O {[%clk 1:31:39]}
6. Nf3 {[%clk 1:33:17]} e5 {[%clk 1:30:31]} 7. d5 {[%clk 1:33:43]} a5
{[%clk 1:30:39]} 8. Be3 {[%clk 1:34:02]} Na6 {[%clk 1:26:53]} 9. g4
{[%clk 1:34:28]} Bd7 {[%clk 1:18:40]} 10. Nd2 {[%clk 1:34:25]} c6
{[%clk 1:11:41]} 11. Be2 {[%clk 1:34:13]} cxd5 {[%clk 1:11:01]} 12. cxd5
{[%clk 1:34:35]} Nc5 {[%clk 1:07:56]} 13. g5 {[%clk 1:34:50]} Ne8
{[%clk 1:07:40]} 14. h4 {[%clk 1:35:08]} f5 {[%clk 1:02:27]} 15. h5
{[%clk 1:22:44]} f4 {[%clk 0:58:35]} 16. Bxc5 {[%clk 1:23:09]} dxc5
{[%clk 0:56:52]} 17. hxg6 {[%clk 1:20:08]} hxg6 {[%clk 0:56:36]} 18. Nc4
{[%clk 1:19:45]} f3 {[%clk 0:48:31]} 19. Bf1 {[%clk 1:16:36]} b5 {[%clk 0:45:05]}
20. d6 {[%clk 1:15:11]} Bc6 {[%clk 0:43:19]} 21. Nxb5 {[%clk 1:14:28]} Bxe4
{[%clk 0:37:41]} 22. Bh3 {[%clk 1:12:45]} Bc6 {[%clk 0:32:40]} 23. d7
{[%clk 1:11:50]} Bxb5 {[%clk 0:31:53]} 24. Be6+ {[%clk 1:11:53]} Rf7
{[%clk 0:32:05]} 25. Qxf3 {[%clk 1:06:58]} Qxd7 {[%clk 0:31:26]} 26. Bxd7
{[%clk 1:04:31]} Rxf3 {[%clk 0:31:48]} 27. Bxb5 {[%clk 1:04:59]} Rf5
{[%clk 0:26:28]} 28. Bxe8 {[%clk 1:03:18]} Rxe8 {[%clk 0:26:56]} 29. Nd6
{[%clk 1:03:41]} Rb8 {[%clk 0:26:19]} 30. Nxf5 {[%clk 1:03:01]} gxf5
{[%clk 0:26:47]} 31. Rc1 {[%clk 1:02:50]} Rxb2 {[%clk 0:26:00]} 32. O-O
{[%clk 1:03:15]} Rxa2 {[%clk 0:21:38]} 33. Rxc5 {[%clk 1:03:35]} a4
{[%clk 0:20:19]} 34. Rd1 {[%clk 1:01:04]} Kf7 {[%clk 0:16:06]} 35. Rc7+
{[%clk 1:00:50]} Kg8 {[%clk 0:16:18]} 36. Rd8+ {[%clk 1:01:08]} Kh7
{[%clk 0:16:33]} 37. Rdd7 {[%clk 1:01:28]} 1-0

[Event "World Chess Olympiad 2018"]
[Site "Batumi"]
[Date "2018.09.24"]
[Round "1"]
[Board "2"]
[WhiteFideId "10700234"]
[White "Brookfield Toby"]
[BlackFideId "7900309"]
[Black "Rizouk Aimen"]
[Result "0-1"]
[LiveChessVersion "1.4.8"]
[BlackElo "2445"]
[WhiteElo "1873"]

1. e4 {[%clk 1:30:55]} e5 {[%clk 1:29:38]} 2. f4 {[%clk 1:31:13]} exf4
{[%clk 1:30:05]} 3. Bc4 {[%clk 1:31:33]} Nf6 {[%clk 1:30:16]} 4. Nc3
{[%clk 1:30:42]} c6 {[%clk 1:30:54]} 5. d4 {[%clk 1:30:23]} Bb4 {[%clk 1:22:04]}
6. Nge2 {[%clk 1:28:39]} Nxe4 {[%clk 1:19:22]} 7. O-O {[%clk 1:28:57]} d5
{[%clk 1:16:27]} 8. Nxe4 {[%clk 1:24:50]} dxc4 {[%clk 1:16:28]} 9. Bxf4
{[%clk 1:22:29]} O-O {[%clk 1:16:17]} 10. c3 {[%clk 1:20:00]} Be7
{[%clk 1:16:38]} 11. N2g3 {[%clk 1:19:02]} Be6 {[%clk 1:08:58]} 12. Qh5
{[%clk 1:11:59]} Qd5 {[%clk 1:04:43]} 13. Qe2 {[%clk 1:03:50]} Nd7
{[%clk 1:00:07]} 14. Rae1 {[%clk 1:02:37]} Rae8 {[%clk 0:57:34]} 15. Qd2
{[%clk 0:56:26]} Rd8 {[%clk 0:40:28]} 16. Bc7 {[%clk 0:47:32]} Rc8
{[%clk 0:40:21]} 17. Bf4 {[%clk 0:47:11]} Rfe8 {[%clk 0:36:31]} 18. Ng5
{[%clk 0:42:31]} Bxg5 {[%clk 0:29:17]} 19. Bxg5 {[%clk 0:42:33]} f6
{[%clk 0:29:21]} 20. Bf4 {[%clk 0:38:55]} Bf7 {[%clk 0:26:26]} 21. Be3
{[%clk 0:35:39]} Bg6 {[%clk 0:23:52]} 22. Ne2 {[%clk 0:34:34]} Be4
{[%clk 0:21:28]} 23. Nf4 {[%clk 0:33:48]} Qb5 {[%clk 0:21:39]} 24. Rf2
{[%clk 0:24:46]} Nb6 {[%clk 0:20:40]} 25. Qd1 {[%clk 0:23:50]} Re7
{[%clk 0:18:46]} 26. Nh5 {[%clk 0:22:27]} Bg6 {[%clk 0:16:04]} 27. Nf4
{[%clk 0:19:18]} Rce8 {[%clk 0:16:02]} 28. Nxg6 {[%clk 0:18:21]} hxg6
{[%clk 0:16:05]} 29. Rfe2 {[%clk 0:18:04]} Qh5 {[%clk 0:15:37]} 30. Kf1
{[%clk 0:13:19]} Rxe3 {[%clk 0:13:20]} 31. Rxe3 {[%clk 0:13:24]} Rxe3
{[%clk 0:13:39]} 0-1

[Event "World Chess Olympiad 2018"]
[Site "Batumi"]
[Date "2018.09.24"]
[Round "1"]
[Board "3"]
[WhiteFideId "7900872"]
[White "Arab Adlane"]
[BlackFideId "10700366"]
[Black "Nevska Gerda"]
[Result "1-0"]
[LiveChessVersion "1.4.8"]
[BlackElo "1819"]
[WhiteElo "2482"]

1. d4 {[%clk 1:30:56]} Nf6 {[%clk 1:30:12]} 2. c4 {[%clk 1:31:18]} g6
{[%clk 1:28:25]} 3. Nc3 {[%clk 1:31:41]} Bg7 {[%clk 1:28:31]} 4. e4
{[%clk 1:32:05]} d6 {[%clk 1:27:34]} 5. h3 {[%clk 1:32:30]} a6 {[%clk 1:26:44]}
6. Nf3 {[%clk 1:32:39]} Nbd7 {[%clk 1:26:23]} 7. e5 {[%clk 1:31:40]} Ng8
{[%clk 1:19:44]} 8. Bf4 {[%clk 1:31:54]} c5 {[%clk 1:12:28]} 9. exd6
{[%clk 1:30:40]} cxd4 {[%clk 1:07:04]} 10. Nd5 {[%clk 1:31:04]} Ra7
{[%clk 0:50:20]} 11. dxe7 {[%clk 1:30:14]} 1-0

[Event "World Chess Olympiad 2018"]
[Site "Batumi"]
[Date "2018.09.24"]
[Round "1"]
[Board "4"]
[WhiteFideId "10700200"]
[White "Bateman Kerry"]
[BlackFideId "7900856"]
[Black "Belouadah Saad"]
[Result "0-1"]
[LiveChessVersion "1.4.8"]
[BlackElo "2413"]
[WhiteElo "1710"]

1. e4 {[%clk 1:30:54]} Nf6 {[%clk 1:28:22]} 2. e5 {[%clk 1:30:09]} Nd5
{[%clk 1:28:47]} 3. c4 {[%clk 1:30:00]} Nb6 {[%clk 1:29:09]} 4. d4
{[%clk 1:30:23]} d6 {[%clk 1:29:34]} 5. Nc3 {[%clk 1:28:17]} dxe5
{[%clk 1:29:46]} 6. dxe5 {[%clk 1:28:33]} Qxd1+ {[%clk 1:30:09]} 7. Nxd1
{[%clk 1:28:46]} Nc6 {[%clk 1:30:30]} 8. Bf4 {[%clk 1:27:19]} Bf5
{[%clk 1:26:52]} 9. Ne3 {[%clk 1:26:22]} Bg6 {[%clk 1:27:05]} 10. Rd1
{[%clk 1:25:24]} e6 {[%clk 1:27:19]} 11. Ne2 {[%clk 1:20:09]} Bb4+
{[%clk 1:24:19]} 12. Nc3 {[%clk 1:20:00]} Nd7 {[%clk 1:24:28]} 13. Bg3
{[%clk 1:13:25]} O-O-O {[%clk 1:21:22]} 14. Be2 {[%clk 1:08:39]} Ndxe5
{[%clk 1:21:23]} 15. O-O {[%clk 1:07:35]} Bxc3 {[%clk 1:18:08]} 16. bxc3
{[%clk 1:07:35]} Bd3 {[%clk 1:17:56]} 17. Bxd3 {[%clk 1:02:48]} Nxd3
{[%clk 1:15:27]} 18. Rd2 {[%clk 0:58:19]} Nc5 {[%clk 1:15:36]} 19. Rfd1
{[%clk 0:57:26]} Rxd2 {[%clk 1:13:26]} 20. Rxd2 {[%clk 0:57:48]} Ne4
{[%clk 1:13:42]} 21. Rd3 {[%clk 0:53:35]} Rd8 {[%clk 1:13:55]} 22. Rxd8+
{[%clk 0:52:53]} Kxd8 {[%clk 1:14:19]} 0-1

[Event "World Chess Olympiad 2018"]
[Site "Batumi"]
[Date "2018.09.24"]
[Round "1"]
[Board "1"]
[WhiteFideId "10300163"]
[White "Al-Hajiri Bader"]
[BlackFideId "4403940"]
[Black "Rios Cristhian Camilo"]
[Result "0-1"]
[LiveChessVersion "1.4.8"]
[BlackElo "2465"]
[WhiteElo "2112"]

1. e4 {[%clk 1:30:58]} c5 {[%clk 1:30:42]} 2. Nf3 {[%clk 1:31:15]} e6
{[%clk 1:30:30]} 3. d4 {[%clk 1:31:29]} cxd4 {[%clk 1:30:41]} 4. Nxd4
{[%clk 1:31:45]} a6 {[%clk 1:30:47]} 5. Bd3 {[%clk 1:31:27]} Qc7 {[%clk 1:30:48]}
6. O-O {[%clk 1:31:40]} Nf6 {[%clk 1:30:44]} 7. Qe2 {[%clk 1:31:34]} d6
{[%clk 1:30:19]} 8. c4 {[%clk 1:31:17]} g6 {[%clk 1:28:57]} 9. Nc3
{[%clk 1:31:07]} Bg7 {[%clk 1:29:19]} 10. Nf3 {[%clk 1:30:50]} Nc6
{[%clk 1:28:16]} 11. Bf4 {[%clk 1:30:45]} Nh5 {[%clk 1:14:21]} 12. Bg5
{[%clk 1:30:49]} Bxc3 {[%clk 1:13:04]} 13. bxc3 {[%clk 1:31:11]} O-O
{[%clk 1:13:26]} 14. Qe3 {[%clk 1:25:37]} f6 {[%clk 1:11:01]} 15. Bh6
{[%clk 1:25:17]} Rf7 {[%clk 1:11:23]} 16. h3 {[%clk 1:16:28]} e5 {[%clk 1:02:29]}
17. c5 {[%clk 1:14:39]} Be6 {[%clk 1:02:53]} 18. Rfd1 {[%clk 1:14:23]} dxc5
{[%clk 1:01:16]} 19. Qxc5 {[%clk 1:14:24]} Na5 {[%clk 1:00:53]} 20. Qb4
{[%clk 1:07:46]} Rc8 {[%clk 0:59:42]} 21. Bf1 {[%clk 1:06:16]} Bc4
{[%clk 0:56:53]} 22. Bxc4 {[%clk 0:58:49]} Nxc4 {[%clk 0:57:13]} 23. Rd3
{[%clk 0:58:44]} Ng7 {[%clk 0:56:48]} 24. Rad1 {[%clk 0:58:12]} Ne6
{[%clk 0:55:40]} 25. Nd2 {[%clk 0:55:36]} Nxd2 {[%clk 0:50:06]} 26. R1xd2
{[%clk 0:55:36]} Re7 {[%clk 0:46:54]} 27. Qb3 {[%clk 0:51:53]} Kf7
{[%clk 0:45:34]} 28. Rd6 {[%clk 0:48:09]} Qc4 {[%clk 0:42:31]} 29. R2d3
{[%clk 0:39:28]} Qxb3 {[%clk 0:40:43]} 30. axb3 {[%clk 0:39:50]} g5
{[%clk 0:33:30]} 31. h4 {[%clk 0:39:35]} Kg6 {[%clk 0:30:26]} 32. hxg5
{[%clk 0:39:59]} fxg5 {[%clk 0:30:48]} 33. Rh3 {[%clk 0:40:01]} Ree8
{[%clk 0:19:14]} 34. Rb6 {[%clk 0:28:04]} Re7 {[%clk 0:17:19]} 35. b4
{[%clk 0:21:51]} Rc6 {[%clk 0:17:06]} 36. Rxc6 {[%clk 0:21:25]} bxc6
{[%clk 0:17:30]} 37. g4 {[%clk 0:16:34]} Nf4 {[%clk 0:17:28]} 38. Rh1
{[%clk 0:16:53]} Re8 {[%clk 0:16:02]} 39. Kf1 {[%clk 0:16:38]} a5
{[%clk 0:13:55]} 40. bxa5 {[%clk 0:46:01]} Rb8 {[%clk 0:42:28]} 41. Kg1
{[%clk 0:44:25]} Rb1+ {[%clk 0:42:38]} 42. Kh2 {[%clk 0:44:50]} Rxh1+
{[%clk 0:42:59]} 43. Kxh1 {[%clk 0:45:13]} Kxh6 {[%clk 0:43:23]} 44. a6
{[%clk 0:45:39]} Ne6 {[%clk 0:43:45]} 45. a7 {[%clk 0:45:56]} Nc7
{[%clk 0:44:10]} 46. Kg2 {[%clk 0:46:24]} Kg6 {[%clk 0:44:28]} 47. Kf3
{[%clk 0:46:48]} c5 {[%clk 0:44:38]} 0-1

[Event "World Chess Olympiad 2018"]
[Site "Batumi"]
[Date "2018.09.24"]
[Round "1"]
[Board "2"]
[WhiteFideId "4403304"]
[White "Sanchez Sebastian Felipe"]
[BlackFideId "10300040"]
[Black "Al Azmi Khalaf"]
[Result "1-0"]
[LiveChessVersion "1.4.8"]
[BlackElo "1785"]
[WhiteElo "2424"]

1. d4 {[%clk 1:30:57]} Nf6 {[%clk 1:30:26]} 2. c4 {[%clk 1:30:58]} e6
{[%clk 1:30:03]} 3. g3 {[%clk 1:30:51]} Bb4+ {[%clk 1:30:04]} 4. Bd2
{[%clk 1:31:16]} Bxd2+ {[%clk 1:30:08]} 5. Qxd2 {[%clk 1:31:40]} O-O
{[%clk 1:30:31]} 6. Bg2 {[%clk 1:31:38]} d5 {[%clk 1:27:56]} 7. Nf3
{[%clk 1:31:57]} Nbd7 {[%clk 1:26:03]} 8. O-O {[%clk 1:31:19]} c6
{[%clk 1:22:06]} 9. Qc2 {[%clk 1:29:02]} Re8 {[%clk 1:11:17]} 10. Nbd2
{[%clk 1:25:03]} Qb6 {[%clk 1:09:01]} 11. b3 {[%clk 1:19:01]} Nf8
{[%clk 0:56:14]} 12. e4 {[%clk 1:18:04]} h6 {[%clk 0:45:51]} 13. Rfe1
{[%clk 1:15:17]} Bd7 {[%clk 0:44:01]} 14. c5 {[%clk 1:11:48]} Qc7
{[%clk 0:42:54]} 15. e5 {[%clk 1:12:00]} N6h7 {[%clk 0:42:54]} 16. h4
{[%clk 1:10:17]} Rad8 {[%clk 0:38:47]} 17. Bf1 {[%clk 1:08:54]} f5
{[%clk 0:34:37]} 18. Be2 {[%clk 1:01:52]} Re7 {[%clk 0:32:16]} 19. Kg2
{[%clk 1:01:08]} Be8 {[%clk 0:31:57]} 20. Rh1 {[%clk 1:01:22]} Bh5
{[%clk 0:30:46]} 21. b4 {[%clk 0:57:36]} Rf7 {[%clk 0:28:16]} 22. Bd3
{[%clk 0:51:30]} Qe7 {[%clk 0:21:17]} 23. Nh2 {[%clk 0:46:15]} g5
{[%clk 0:19:04]} 24. hxg5 {[%clk 0:42:54]} hxg5 {[%clk 0:16:50]} 25. f3
{[%clk 0:42:30]} Rg7 {[%clk 0:16:22]} 26. Ng4 {[%clk 0:37:06]} Qe8
{[%clk 0:13:49]} 27. Nh6+ {[%clk 0:27:43]} Kh8 {[%clk 0:14:09]} 28. Rh2
{[%clk 0:28:07]} Bg6 {[%clk 0:13:37]} 29. Rah1 {[%clk 0:28:31]} f4
{[%clk 0:12:07]} 30. Ng4 {[%clk 0:25:29]} Bxd3 {[%clk 0:07:05]} 31. Qxd3
{[%clk 0:25:54]} Qe7 {[%clk 0:05:18]} 32. Nf6 {[%clk 0:25:23]} Rc8
{[%clk 0:05:14]} 33. Nf1 {[%clk 0:24:46]} Rc7 {[%clk 0:05:29]} 34. Rh6
{[%clk 0:24:26]} Qf7 {[%clk 0:04:58]} 35. Nh2 {[%clk 0:19:54]} Re7
{[%clk 0:03:40]} 36. Nhg4 {[%clk 0:20:14]} Rc7 {[%clk 0:02:22]} 37. Nxh7
{[%clk 0:17:23]} Nxh7 {[%clk 0:01:03]} 38. Nf6 {[%clk 0:17:44]} 1-0

[Event "World Chess Olympiad 2018"]
[Site "Batumi"]
[Date "2018.09.24"]
[Round "1"]
[Board "3"]
[WhiteFideId "10300198"]
[White "AlShourfaa Hazaa"]
[BlackFideId "4404025"]
[Black "Martinez Romero Martin"]
[Result "0-1"]
[LiveChessVersion "1.4.8"]
[BlackElo "2438"]
[WhiteElo "1783"]

1. e4 {[%clk 1:30:41]} d6 {[%clk 1:30:47]} 2. Nc3 {[%clk 1:30:53]} Nf6
{[%clk 1:31:04]} 3. Bc4 {[%clk 1:29:44]} c6 {[%clk 1:29:54]} 4. d3
{[%clk 1:28:30]} d5 {[%clk 1:28:00]} 5. exd5 cxd5 {[%clk 1:28:25]} 6. Bb3
{[%clk 1:26:24]} Nc6 {[%clk 1:27:35]} 7. h3 {[%clk 1:22:00]} e6 {[%clk 1:22:54]}
8. Nge2 {[%clk 1:20:29]} Be7 {[%clk 1:20:16]} 9. O-O {[%clk 1:20:35]} O-O
{[%clk 1:20:41]} 10. a3 {[%clk 1:15:32]} b6 {[%clk 1:18:23]} 11. Bg5
{[%clk 1:11:52]} Bb7 {[%clk 1:18:06]} 12. Ng3 {[%clk 0:59:57]} Rc8
{[%clk 1:17:28]} 13. Re1 {[%clk 0:56:08]} Nd4 {[%clk 1:16:03]} 14. Ba2
{[%clk 0:54:59]} Nxc2 {[%clk 1:13:42]} 15. Qxc2 {[%clk 0:55:28]} d4
{[%clk 1:14:05]} 16. Bb3 {[%clk 0:50:17]} dxc3 {[%clk 1:13:42]} 17. bxc3
{[%clk 0:50:45]} h6 {[%clk 1:08:55]} 18. Bc1 {[%clk 0:45:32]} Nd5
{[%clk 1:08:35]} 19. Bd2 {[%clk 0:42:44]} Qc7 {[%clk 1:03:27]} 20. Rec1
{[%clk 0:41:34]} Rfd8 {[%clk 1:02:48]} 21. d4 {[%clk 0:31:37]} Nf4
{[%clk 0:56:42]} 22. Re1 {[%clk 0:15:09]} Nxg2 {[%clk 0:52:04]} 23. Re5
{[%clk 0:00:44]} Nh4 {[%clk 0:52:00]} 24. Re3 {[%clk 0:00:37]} Bg5
{[%clk 0:51:15]} 0-1

[Event "World Chess Olympiad 2018"]
[Site "Batumi"]
[Date "2018.09.24"]
[Round "1"]
[Board "4"]
[WhiteFideId "4430492"]
[White "Cardoso Cardoso Jose Gabriel"]
[BlackFideId "10301186"]
[Black "Alothman Salem"]
[Result "1-0"]
[LiveChessVersion "1.4.8"]
[BlackElo "1690"]
[WhiteElo "2313"]

1. d4 d5 2. c4 e6 3. Nc3 c5 4. cxd5 exd5 5. Nf3 Nc6 6. g3 Nf6 7. Bg2 Be7 8. O-O
O-O 9. dxc5 Bxc5 10. Bg5 d4 11. Bxf6 Qxf6 12. Nd5 Qd8 13. Nd2 a6 14. Rc1 Ba7 15.
Nb3 Re8 16. Nf4 Bg4 17. Re1 Rc8 18. h3 Bf5 19. Nc5 Qb6 20. Qa4 Re5 21. Nxb7 d3
22. e3 d2 23. Nd6 dxe1=Q+ 24. Rxe1 Rc7 25. Rc1 Nd8 26. Rxc7 Qxc7 27. Nxf5 h6 28.
Nd5 Qc1+ 29. Kh2 Qd2 30. Qd7 Kh7 31. Nf6+ gxf6 32. Qxd2 1-0